书目信息 |
| 题名: |
儿科危重症临护与护理
|
|
| 作者: | 祝益民 主编 | |
| 分册: | ||
| 出版信息: | 北京 人民卫生出版社 2004.06 |
|
| 页数: | 286页 | |
| 开本: | 26cm | |
| 丛书名: | ||
| 单 册: | ||
| 中图分类: | R720.597 | |
| 科图分类: | ||
| 主题词: | 小儿疾病--xiao er ji bing--险症--临护(医学) , 小儿疾病--xiao er ji bing--险症--护理 | |
| 电子资源: | ||
| ISBN: | 7-117-06079-4 | |
| 000 | 00757nam2 2200229 450 | |
| 001 | 0100000179 | |
| 005 | 20060623083654.61 | |
| 010 | @a7-117-06079-4@b精装@dCNY36.00 | |
| 100 | @a20060124d2004 ekmy0chiy0121 ea | |
| 101 | 0 | @achi |
| 102 | @aCN@b110000 | |
| 105 | @ak z 000yy | |
| 200 | 1 | @a儿科危重症临护与护理@Aer ke wei chong zheng lin hu yu hu li@f祝益民主编 |
| 210 | @a北京@c人民卫生出版社@d2004.06 | |
| 215 | @a286页@d26cm | |
| 314 | @a本书由国内儿科急救领域和危重病抢救方面的专家和急救护理专家共同撰写。 | |
| 606 | 0 | @a小儿疾病@Axiao er ji bing@x险症@x临护(医学) |
| 606 | 0 | @a小儿疾病@Axiao er ji bing@x险症@x护理 |
| 690 | @aR720.597@v4 | |
| 701 | 0 | @a祝益民@Azhu yi min@4主编 |
| 801 | @aCN@bYXSD@c20060623 | |
| 905 | @aBZT@dR720.597@e1@f10 | |
| 儿科危重症临护与护理/祝益民主编.-北京:人民卫生出版社,2004.06 |
| 286页;26cm |
| ISBN 7-117-06079-4(精装):CNY36.00 |
| ● |
| 相关链接 |
|
|
|
正题名:儿科危重症临护与护理
索取号:R720.597/1
 
预约/预借
| 序号 | 登录号 | 条形码 | 馆藏地/架位号 | 状态 | 备注 |
| 1 | 0449069 | 230006471 | 样本书库/样002架A面3层2列/ [索取号:R720.597/1] | 在馆 | |
| 2 | 0449070 | 230006474 | 中心书库中库/ 中库013架A面4列4层8/ [索取号:R720.597/1] | 在馆 | |
| 3 | 0449071 | 230006473 | 中心书库中库/ 中库013架A面4列7层14/ [索取号:R720.597/1] | 在馆 | |
| 4 | 0449072 | 230006476 | 中心书库中库/ 中库013架A面4列7层15/ [索取号:R720.597/1] | 在馆 | |
| 5 | 0449073 | 230006475 | 中心书库中库/ 中库013架A面4列4层6/ [索取号:R720.597/1] | 在馆 | |
| 6 | 0449074 | 230006478 | 中心书库中库/ 中库013架A面4列4层7/ [索取号:R720.597/1] | 在馆 | |
| 7 | 0449075 | 230006477 | 中心书库中库/ 中库013架A面4列4层9/ [索取号:R720.597/1] | 在馆 | |
| 8 | 0449076 | 230006480 | 中心书库中库/ 中库013架A面4列7层17/ [索取号:R720.597/1] | 在馆 | |
| 9 | 0449077 | 230006479 | 中心书库中库/ 中库013架A面4列7层18/ [索取号:R720.597/1] | 在馆 | |
| 10 | 0449078 | 230006481 | 中心书库中库/ 中库013架A面4列7层13/ [索取号:R720.597/1] | 在馆 |